书目信息 |
| 题名: |
神话选译百题
|
|
| 作者: | 袁珂 选译 | |
| 分册: | ||
| 出版信息: | 上海 上海古籍出版社 1980.8 |
|
| 页数: | 296页 | |
| 开本: | 19cm | |
| 丛书名: | ||
| 单 册: | ||
| 中图分类: | I276.5 | |
| 科图分类: | ||
| 主题词: | 民间文学--中国 | |
| 电子资源: | ||
| ISBN: | ||
| 000 | 00549nam0 2200205 45 | |
| 001 | 0203261305 | |
| 005 | 20031219104110.4 | |
| 010 | @dCNY0.76 | |
| 091 | @a10186.186 | |
| 100 | @a20020326d1980 km y0chiy0120 ea | |
| 101 | @achi | |
| 105 | @aa z 000yy | |
| 200 | 1 | @a神话选译百题@AShen Hua Xuan Yi Bai Ti@f袁珂选编@FYuan Ke Xuan Bian |
| 210 | @a上海@c上海古籍出版社@d1980.8 | |
| 215 | @a296页@c插图@d19cm | |
| 606 | 0 | @a民间文学@x中国 |
| 690 | @aI276.5@v3 | |
| 701 | 0 | @a袁珂@4选译 |
| 801 | @aCN@bTSTC@c20030526 | |
| 905 | @dI276.5@e16@f1@b32874 | |
| 神话选译百题/袁珂选编.-上海:上海古籍出版社,1980.8 |
| 296页:插图;19cm |
| ISBN :CNY0.76 |
| ● |
| 相关链接 |
|
|
|
|
正题名:神话选译百题
索取号:I276.5/16
 
预约/预借
| 序号 | 登录号 | 条形码 | 馆藏地/架位号 | 状态 | 备注 |
| 1 | 0032874 | 001784359 | 密集书库/ [索取号:I276.5/16] | 在馆 |